League of Legends Worlds 2023 Teams and Rosters - Statistics

General Stats
  • This quiz has been taken 44 times
  • The average score is 80 of 138
Answer Stats
Hint Answer % Correct
G2 Caps
97%
LEC #2 Fnatic
97%
LEC #1 G2 Esports
97%
LCK #1 Gen.G
97%
LCK #2 T1
97%
G2 BrokenBlade
94%
LCK #4 Dplus KIA
94%
T1 Faker
94%
DK ShowMaker
94%
LPL #4 Weibo Gaming
94%
T1 Zeus
94%
LPL #2 Bilibili Gaming
91%
BLG Bin
91%
GEN Chovy
91%
GEN Doran
91%
T1 Gumayusi
91%
G2 Hans Sama
91%
T1 Keria
91%
LCK #3 kt Rolster
91%
LEC #3 MAD Lions
91%
BLG ON
91%
T1 Oner
91%
PCS #2 PSG Talon
91%
JDG Ruler
91%
LCS #3 Team Liquid
91%
WBG TheShy
91%
JDG 369
88%
DK Canyon
88%
LPL #1 JD Gaming
88%
LEC #4 Team BDS
88%
G2 Yike
88%
BDS Adam
84%
KT Bdd
84%
BLG Elk
84%
MAD Elyoya
84%
FNC Humanoid
84%
JDG knight
84%
G2 Mikyx
84%
GEN Peanut
84%
GEN Peyz
84%
KT Kiin
81%
LPL #3 LNG Esports
81%
FNC Oscarinin
81%
FNC Razork
81%
LCS #2 Cloud9
78%
PCS #1 CTBC Flying Oyster
78%
VCS #1 GAM Esports
78%
FNC Noah
78%
WBG Xiaohu
78%
KT Aiming
75%
MAD Carzzy
75%
JDG Kanavi
75%
KT Lehends
75%
WBG Crisp
72%
KT Cuzz
72%
DK Deft
72%
BDS Labrov
72%
MAD Nisqy
72%
LNG Scout
72%
LNG Tarzan
72%
WBG Weiwei
72%
GEN Delight
69%
MAD Hylissang
69%
BDS nuc
69%
BDS Sheo
69%
BLG XUN
69%
LCS #1 NRG
66%
BDS Crownie
63%
WBG Light
63%
BLG Yagao
63%
MAD Chasy
59%
TL CoreJJ
59%
LNG GALA
59%
FNC Trymbi
59%
LJL #1 DetonatioN FocusMe
56%
C9 Fudge
56%
JDG MISSING
56%
LNG Zika
56%
C9 Blaber
53%
DK Kellin
53%
GAM Levi
53%
PSG Maple
53%
TL Pyosik
53%
TL Yeon
53%
LNG Hang
50%
CBLOL #1 LOUD
50%
TL APA
47%
DK Canna
47%
LEC #4 Golden Guardians
47%
NRG Dhokla
44%
C9 Berserker
41%
NRG Contractz
41%
C9 EMENES
41%
NRG FBI
41%
PSG JunJia
41%
C9 Zven
41%
GG Licorice
38%
NRG Palafox
38%
LLA #1 Rainbow7
38%
VCS #2 Team Whales
38%
GG huhi
34%
GAM Kiaya
34%
GG River
34%
TL Summit
34%
NRG IgNar
31%
CFO Rest
31%
TW Bie
28%
GG Stixxay
28%
PSG Azhi
25%
GG Gori
25%
DFM Aria
22%
DFM Steal
22%
PSG Woody
22%
DFM Yutapon
22%
TW Artemis
19%
LLL Robo
19%
TW BeanJ
16%
R7 Bong
16%
R7 Ceo
16%
LLL Croc
16%
R7 Mireu
16%
LLL tinowns
16%
DFM apaMEN
13%
LLL Ceos
13%
CFO Gemini
13%
TW Glory
13%
CFO JimieN
13%
GAM Kati
13%
R7 Oddie
13%
GAM Palette
13%
LLL Route
13%
CFO ShiauC
13%
CFO Shunn
13%
DFM Harp
9%
R7 Lyonz
9%
GAM Slayder
9%
TW Sparda
9%
PSG Wako
9%
No matching quizzes found
Score Distribution
Percent of People with Each Score
Percentile by Number Answered
Your Score History
You have not taken this quiz